00528nam a2200157Ia 4500020001800000082002400018100002200042245006500064260003700129300001000166504001900176650003500195650004300230650002400273650007300297 a0 86131 693 2 a307.772095414 DAS-; aDasgupta, Satadal 0aCaste kinship and community: social system of a Bengal caste aMadrasbUniversities Pressc1986 a291p. aIncludes index aSocial structure - West Bengal aBengali (South Asian people) - Kinship aCaste - West Bengal aBengali (South Asian people) - Social life and customs - West Bengal